<?xml version="1.0" encoding="UTF-8"?>
<record
    xmlns:xsi="http://www.w3.org/2001/XMLSchema-instance"
    xsi:schemaLocation="http://www.loc.gov/MARC21/slim http://www.loc.gov/standards/marcxml/schema/MARC21slim.xsd"
    xmlns="http://www.loc.gov/MARC21/slim">

  <leader>00595nam  2200157   4500</leader>
  <controlfield tag="001">6069</controlfield>
  <datafield tag="090" ind1=" " ind2=" ">
    <subfield code="a">6069</subfield>
  </datafield>
  <datafield tag="100" ind1=" " ind2=" ">
    <subfield code="a">20190729k        u||y0frey50      ba</subfield>
  </datafield>
  <datafield tag="101" ind1=" " ind2=" ">
    <subfield code="a">fre</subfield>
  </datafield>
  <datafield tag="200" ind1=" " ind2=" ">
    <subfield code="a">Dossier Mox</subfield>
    <subfield code="b">Brochure</subfield>
    <subfield code="f">Groupement de Scientifiques pour l'Information sur l'&#xC9;nergie Nucl&#xE9;aire</subfield>
    <subfield code="g">Monique Sen&#xE9;</subfield>
  </datafield>
  <datafield tag="210" ind1=" " ind2=" ">
    <subfield code="c">Groupement de Scientifiques pour l'Information sur l'&#xC9;nergie Nucl&#xE9;aire</subfield>
    <subfield code="d">1996</subfield>
  </datafield>
  <datafield tag="215" ind1=" " ind2=" ">
    <subfield code="a">17 p. </subfield>
    <subfield code="d">30 cm. </subfield>
  </datafield>
  <datafield tag="606" ind1=" " ind2=" ">
    <subfield code="9">648</subfield>
    <subfield code="a">Nucl&#xE9;aire (Energie)</subfield>
  </datafield>
  <datafield tag="701" ind1=" " ind2=" ">
    <subfield code="9">6973</subfield>
    <subfield code="a">Monique Sen&#xE9;</subfield>
  </datafield>
  <datafield tag="710" ind1=" " ind2=" ">
    <subfield code="9">4727</subfield>
    <subfield code="a">Groupement de Scientifiques pour l'information sur l'Energie Nucl&#xE9;aire</subfield>
  </datafield>
  <datafield tag="801" ind1=" " ind2=" ">
    <subfield code="a">CH</subfield>
    <subfield code="b">CH-002049-8</subfield>
  </datafield>
  <datafield tag="995" ind1=" " ind2=" ">
    <subfield code="1">0</subfield>
    <subfield code="2">0</subfield>
    <subfield code="3">0</subfield>
    <subfield code="5">2026-06-12</subfield>
    <subfield code="9">7047</subfield>
    <subfield code="b">ARCHIC</subfield>
    <subfield code="c">ARCHIC</subfield>
    <subfield code="e">Brochures</subfield>
    <subfield code="f">7893</subfield>
    <subfield code="h">CAT</subfield>
    <subfield code="k">Broch 2726</subfield>
    <subfield code="o">1</subfield>
  </datafield>
</record>
